000 00923cam a22003017a 4500
003 CHAP
005 20220817043928.0
008 040226s2003 it r 00010 fre d
010 _a88094
011 _a89066
020 _a9252049347
035 _a99615
040 _cCHAP
082 1 0 _a639.2
_bF46f v.707
110 2 _aFAO
245 1 0 _aRapport et documentation de l'atelier de réflexion sur la gestion des capacités de péche en Afrique de l'ouest
_c/par FAO
260 _aRome :
_bFAO,
_c2003.
300 _a89 p.
490 0 _aFAO. Informe de pesca
_v; 707
590 _aBATCH-UPD
_b10
_c20130110
_lUCH01
_h1044
590 _aCONVERSION
_b10
_c20130109
_lUCH01
_h1349
650 1 4 _aPesca
_xAfrica.
_987354
830 0 _aFAO. Informe de pesca
_v; 707
_939587
901 _aBK
905 _aAlejandra Carrasco M.
942 _cLIBRO
949 _a639.2 F46f v.707
_bBC
_cFAO
_d33724000915062
_eFAO1
_h104460
_i99615
_sb
999 _c88094
_d88094